Yellow Jack
Zapisane w:
| Główni autorzy: | , |
|---|---|
| Format: | Książka |
| Język: | angielski |
| Wydane: |
Nueva York
Dramatists Play Service
1934
|
| Hasła przedmiotowe: | |
| Etykiety: |
Dodaj etykietę
Nie ma etykietki, Dołącz pierwszą etykiete!
|
MARC
| LEADER | 00000nam a2200000 a 4500 | ||
|---|---|---|---|
| 001 | UCQ3954 | ||
| 003 | CL-VaPUC | ||
| 008 | 980828e19340000US |||||||||||||||||eng|d | ||
| 082 | 0 | 4 | |a 812 |b HOW |2 21 |
| 100 | 0 | |a Howard, Sidney |e author |9 418134 | |
| 700 | |a Kruif, Paul de |e author |9 539403 | ||
| 245 | 1 | 0 | |a Yellow Jack |
| 300 | |a 98 p | ||
| 942 | |c BK | ||
| 945 | |d 19980828 00:00:00 |a crobeson | ||
| 260 | |a Nueva York |b Dramatists Play Service |c 1934 | ||
| 650 | 7 | |a DRAMAS ESTADOUNIDENSES |2 CL-VaPUC |9 267218 | |
| 650 | 0 | |a Literatura estadounidense |9 317168 | |
| 583 | |a last modification |c 19980828 00:00:00 |k Rodrigo Vera | ||
| 999 | |c 274464 |d 274462 | ||
| 952 | |0 0 |1 0 |4 0 |6 812_000000000000000_HOW_1934 |7 0 |8 A |9 310630 |a BIBEDU |b BIBEDU |d 2019-11-20 |i 1460064 |o 812 HOW 1934 |p 1460064 |r 2019-11-20 |w 2019-11-20 |y BK |k LIT | ||